The vague woman's handbook / (Record no. 137817)

MARC details
000 -LEADER
fixed length control field 00484nam a22001817a 4500
005 - DATE AND TIME OF LATEST TRANSACTION
control field 20170223160436.0
010 ## - LCCN (DPL NO)
LC control number ENG-117320
020 ## - INTERNATIONAL STANDARD BOOK NUMBER
International Standard Book Number 9789350290323
Terms of availability 199.00
035 ## - SYSTEM CONTROL NUMBER
System control number EN-100852
037 ## - SOURCE OF ACQUISITION
Source of stock number/acquisition DBAD/PUB
082 ## - DEWEY DECIMAL CLASSIFICATION NUMBER
Classification number N
100 ## - MAIN ENTRY--PERSONAL NAME
Personal name Roy,Devapriya
245 ## - TITLE STATEMENT
Title The vague woman's handbook /
Statement of responsibility, etc by Devapriya Roy
260 ## - PUBLICATION, DISTRIBUTION, ETC. (IMPRINT)
Place of publication, distribution, etc Noida
Name of publisher, distributor, etc HarperCollins Publishers
Date of publication, distribution, etc 2016
270 ## - ADDRESS
Address A-75,Sector 57
City Noida
Postal code 201301
300 ## - PHYSICAL DESCRIPTION
Extent 339p.
Dimensions 18cm(pbk)
942 ## - ADDED ENTRY ELEMENTS (KOHA)
Source of classification or shelving scheme Dewey Decimal Classification
Item type English Books
Classification part N
Call number suffix DEV
Holdings
Withdrawn status Lost status Not for loan Collection code Home library Current library Date acquired Source of acquisition Cost, normal purchase price Full call number Barcode Copy number Cost, replacement price Koha item type
      Fiction Shahdara Branch Shahdara Branch 23/02/2017 DBAD/PUB 199.00 N DEV EN-100852 1 199.00 English Books

© Delhi Public Library
Hit Counter
free hit counter